000 00296nam a22001337a 4500
008 181005b xxu||||| |||| 00| 0 eng d
020 _a9780201196061
041 _aeng
080 _a941
100 _a16
101 _aHIS
245 _aJhy Hnad Great Anarch
_cChauduri.N.C
942 _2udc
_cBK
999 _c48881
_d48881